zpět

Detail výsledku týmu

U Jelena, Liberec

Datum a čas kvízu

37 Celkem bodů Celkový počet nahraných bodů na tomto kvízu bez doplňovacích otázek.
3. Pořadí na kvízu Konečné umístění týmu na tomto kvízu.

Zaznamenané odpovědi

# Otázka Odpověď Body Výsledky
1. Pražská zoo učinila další krok... sysel 0
2. Ambiciózní projekt v podobě bu... Indonésie 1
3. Která kapela musela odvolat ně... Mirai 1
4. Nečekanou invazi zažili návště... C) vážky 1
5. Nejnovějšímu žebříčku magazínu... Markéta Vondroušová 1
6. Tato plodina je známá též jako... maniok 0
7. Vyhlášenou chuťovkou v Ekvádor... morče 1
8. Payara, Tucunare nebo Arapaima... C 1
9. Chicha je (obvykle) alkoholick... kukuřice 0
10. San Juan, La Rioja, Catamarca... Argentina 0